MDQL
is popping MORE tags! Check the
thread
!
Quizzes
Events
Quiz Creation
Community
Videos
Private Events
Remove Ads
Sign In
Join for FREE
Feedback
Dark Mode
Quiz Categories
Sports
Geography
Music
Movies
Television
Just For Fun
Miscellaneous
History
Literature
Language
Science
Gaming
Entertainment
Religion
Holiday
For Kids
Quiz Lab
Recent
Popular Today
Quiz Kudos Today
Editor Picks
Curator Picks
Quizzes by...
Day
Popularity
Type
Ratings
Length
Year
Community
Subscriptions
Recent Discussions
Orange Saloon
Badges
Playlists
Quests
Create
Leaderboards
Showdown
Live 5
Trivia Bingo
Activity
Puzzle Library
Sporcle Events
Private Events
Virtual Trivia
Globe League
Become a Host
Pub Owners
SporcleCon
Opinionation
Our Games
Videos
Blog
Mobile Apps
Partnerships
Remove Ads and Go Orange
Feedback
Sports
Athletes
MLB
NBA
NHL
NFL
Soccer
Sports Teams
WWE
NCAA
Football
Premier League
Basketball
Baseball
Hockey
Golf
Tennis
Cricket
Rugby
Auto Racing
Olympics
World Cup
Sports
Athletes
MLB
NBA
NHL
NFL
Soccer
Sports Teams
WWE
NCAA
Football
Premier League
Basketball
Baseball
Hockey
Golf
Tennis
Cricket
Rugby
Auto Racing
Olympics
World Cup
Random Quiz
Search Sporcle
×
Quiz Lab
Quiz Lab
Sports
Athletes
Type in answers that appear in a list
Type in answers that appear in a list
Classic
Best Score? Go Orange.
Top 20 (Super)Heavyweight Kickboxers Ever Stats
Can you name the Top 20 (Super) Heavyweight Kickboxers Ever?
By
Shickadantz
10m
20 Questions
147 Plays
147 Plays
147 Plays
Comments
Comments
Give Quiz Kudos
Give Quiz Kudos
-
- Ratings
hide this ad
Replay
Link that replays current quiz
Next Quiz
Link to next quiz in quiz playlist
You Got
0%
They Got
Avg Score
57%
Avg Friend Score
Upgrade to see
Score Distribution
Jump to the score distribution portion of the page
Score
0/20
Timer
10:00
0
Plays Today
Hint
Answer
% Correct
A three-
time K1 Champ, this Dutch star ruled in the 90's and was still a feared contender throughout the 2000's.
Peter Aerts
88.4%
Dutch-
Moroccan a two-
time runner up. Known for his exciting all-
out style.
Badr Hari
87%
Croatian star won the final K1 Grand Prix and was always a top level contender.
Mirko CroCop
86.3%
Enormous Dutch striker is arguably the greatest ever, also winning the K1 Tournament four times and boasting a tremendous record.
Semmy Schilt
80.1%
A four time K1 Champion, this Dutch star fought and beat just about every great fighter of his era (except Bob Sapp! Oof.)
Ernesto Hoost
78.8%
This powerful French star had fantastic punching power and could compete wth the best ever, but never won a K1 Grand Prix.
Jerome LeBanner
76%
Rocked-
up Dutch monster had a short but electric run in K1, culminating with a Grand Prix win.
Alistair Overeem
75.3%
One-
time K1 Grand Prix Champ known for his incredible chin and tremendous punching power.
Mark Hunt
74%
Dutch-
Surinamese fighter known for his acrobat fighting style. Won the K1 Tournament three times.
Remy Bonjasky
70.5%
Swiss one-
time K1 GP Champion, he was a dominant force but died tragically at age 35.
Andy Hug
65.8%
Hint
Answer
% Correct
'Sugarfoot' is a long-
time K1 Tournament staple with many impressive wins on his resumé.
Ray Sefo
58.9%
Japanese star had an up and down career, but two Grand Prix finals appearances cement his legacy.
Musashi
45.9%
The very first K1 Grand Prix Champ. Dominant in the early days.
Branko Cikatic
44.5%
South African legend was a notable contender who beat many top guys.
Mike Bernardo
42.5%
Belarusian stud burst onto the scene looking like a future champ but never quite got over the hump.
Alexey Ignashov
37%
Australian kickboxer was a top end contender in the 90's and early 2000's.
Sam Greco
36.3%
Brazilian karate practioner. Holds wins over manh top opponents.
Francisco Filho
36.3%
Dutch modern era superstar is still writing his story. Sure to climb this list further.
Rico Verhoeven
36.3%
Australian star was a top contender throughout the 80's and 90's but often struggled against the best of the best.
Stan Longinidis
24%
Dominant Polish striker was one of the kings of the pre-
K1 era.
Marek Piotrowski
5.8%
Quiz Playlist
Details
Report
Send in Message
Add To Playlist
Classic:
Type in answers that appear in a list
Last Updated: Mar 2, 2017
Quiz Scoreboard
CHALLENGE
Sign Up to Join the Scoreboard
Show All
Scores
Hide
Comments
May contain spoilers
Recently Published
Two Season TV Shows II
by 123Four
Television
10m
Image Sorting: Flags VI
by Barbecue
Geography
2m
Find the 'City' Movie
by crazypaving
Movies
60s
More to Explore
Quiz From the Vault
Featured Blog Post
14 Easter Pick-up Lines to Find Eggs With
hide this ad
You Might Also Like...
Tags
Athletes Quiz
Athletics
Boxing
Boxing World
Kickboxing
Male Athletes
Martial Arts
Pro Athlete
Pro Sports
Top Sports
World Sports
Today's Top Quizzes in Sports
Browse Sports
hide this ad
Today's Top Quizzes in Athletes
Browse Athletes
Top Contributed Quizzes in Sports
1
Les meilleurs buteurs des matchs entre le PSG et l’OM
2
Les entraîneurs de l'OM et du PSG au 21e siècle
3
2022 World Cup Stars
4
Les joueurs passés par le PSG et l'OM
5
Players with Multiple 50 Home Run Seasons
6
Criteria MLB: Left Handed Sluggers
7
FIFA Club World Cup Champions
8
Les joueurs passés par le LOSC et le RC Lens
9
NBA Logic Puzzle 2.0
10
Top 10 NHL Goal Scorers of All Time
Explore More
Trending Topics
Anime
Marvel
Kpop
Harry Potter
NBA
Disney
Crossword
Country
Puzzle
WWE
NFL
The Office
Song
Pokémon
Soccer
hide this ad
More By:
Shickadantz
Quiz
Plays
Rating
Category
Featured
Created
Top 50 Heavyweight Boxers (1960's-current)
1,043
4.20
Sports
Feb 13, 2017
Top 50 Heavyweight Boxers - pre 1960's
303
5.00
Sports
Feb 13, 2017
Top 50 MMA Heavyweight Fighters Ever
267
5.00
Sports
Feb 15, 2017
Top 20 (Super)Heavyweight Kickboxers Ever
147
5.00
Sports
Feb 13, 2017
Top 50 MMA Middleweights of All Time
64
5.00
Sports
Jan 24, 2023
Go to Creator's Profile
Score Distribution
Quiz Creator Spotlight
Shickadantz
Follow
Send a Message
Quizzes Created
-
Created Quiz Play Count
-
More By This Creator
Popular Quizzes Today
1
Colored Red Africa Blitz
2
Find the US States - No Outlines Minefield
3
Find the 'City' Movie
4
5x2 Blitz: Bands
5
The Countries of the World
6
Find the US States
7
Find the Countries of Europe - No Outlines Minefield
8
US States
More Sports Quizzes
I won a World Championship with Lotus
Quiz Lab
Trending Quizzes
Colored Red Europe Blitz I
Colored Red Africa Blitz II
Colored Red Europe Blitz II
Colored Red Africa Blitz III
Colored Red Europe Blitz III
Recently Updated
How Do You Spell That?
pecheneg
Godzilla Movies
pecheneg
Grab Bag: 4-10 Letters
pecheneg
2024 March Madness Bracket
pecheneg
Famous TV Couples
Peacemaker
Champions League XIs: Real Madrid
pecheneg
Largest US Cities 1790-2010
pecheneg
Rides in Walt Disney World
pecheneg
Most Oscar Losses (Acting)
pecheneg
Beyoncé Albums
pecheneg
Trending Topics
Kpop
Harry Potter
Crossword
NBA
Anime
Disney
Marvel
NFL
Country
The Office
Song
Puzzle
Pokémon
WWE
Soccer
Your Account Isn't Verified!
In order to create a playlist on Sporcle, you need to verify the email address you used during registration. Go to your
Sporcle Settings
to finish the process.
Report this User
Report this user for behavior that violates our
Community Guidelines
.
Details:
Send Report
Go to the Sporcle.com Mobile Site →
Comments